000 00619nam a2200193 4500
001 109820
003 ES-MaACL
005 20230906184922.0
007 t|
008 061121s1958 sp r ||||1| spa d
100 1 _aOnieva, Antonio J.
_987081
245 1 3 _aEl Gran Capitán
_b: ventura y desventura /
_cAntonio Juan Onieva.
260 _aMadrid :
_bCia. Bibliográfica Española,
_c1958.
300 _a473 p. 21 lám. ;
_c20 cm.
490 1 _aColección histórica "Gran Capitán"
830 0 _aColección histórica "Gran Capitán"
_9184466
852 _aES-MaACL
_jC-16119
_bR.43257
999 _c109820
_d109820